[Event "I Open Odisseias"]
[Site "Lisboa POR"]
[Date "2015.08.13"]
[Round "1.1"]
[White "Martinez, Lelys"]
[Black "Costa, João Yü"]
[Result "1-0"]
[WhiteElo "2541"]
[BlackElo "1826"]
[WhiteFideId "3504727"]
[BlackFideId "1932110"]
[WhiteTitle "GM"]
[PlyCount "98"]
[EventDate "2015.??.??"]

1. d4 d5 2. c4 c6 3. Nc3 Nf6 4. Bf4 g6 5. e3 Bg7 6. Nf3 O-O 7. Be2 Bg4 8. O-O
Nbd7 9. h3 Bxf3 10. Bxf3 dxc4 11. Qe2 Nb6 12. Bh2 Nfd7 13. Rfd1 e5 14. dxe5 Qe7
15. e6 Qxe6 16. Rd6 Qe7 17. Rad1 Ne5 18. Bxe5 Bxe5 19. R6d2 Rad8 20. g3 Bc7 21.
Kg2 Rxd2 22. Rxd2 Rd8 23. Qd1 Rxd2 24. Qxd2 Be5 25. Ne2 Qd6 26. Qxd6 Bxd6 27.
Nd4 Be5 28. Kf1 Kf8 29. Ke1 Ke7 30. Kd1 Kd6 31. Kc2 Bxd4 32. exd4 Nd5 33. a3 b5
34. b4 cxb3+ 35. Kxb3 a5 36. Bd1 a4+ 37. Kc2 Nb6 38. Be2 Nc4 39. Bxc4 bxc4 40.
Kc3 Kd5 41. f3 c5 42. dxc5 Kxc5 43. f4 f5 44. g4 h5 45. gxf5 gxf5 46. h4 Kd5
47. Kb4 Kd4 48. Kxa4 c3 49. Kb5 c2 1-0

[Event "I Open Odisseias"]
[Site "Lisboa POR"]
[Date "2015.08.13"]
[Round "1.2"]
[White "Elias, Rúben"]
[Black "Moradiabadi, Elshan"]
[Result "0-1"]
[WhiteElo "1813"]
[BlackElo "2521"]
[WhiteFideId "1906453"]
[BlackFideId "12501255"]
[BlackTitle "GM"]
[PlyCount "102"]
[EventDate "2015.??.??"]

1. e4 e6 2. d4 d5 3. Nd2 c5 4. exd5 Qxd5 5. dxc5 Bxc5 6. Ngf3 Nf6 7. Bc4 Qc6 8.
O-O O-O 9. Qe2 Nbd7 10. Nb3 b6 11. Nxc5 Qxc5 12. Be3 Qc7 13. Rad1 Bb7 14. Bb3
Nc5 15. Bxc5 Qxc5 16. Rfe1 h6 17. Ne5 Rfe8 18. Kh1 Rac8 19. f4 Rc7 20. c3 b5
21. Rd3 b4 22. Red1 Ne4 23. Rf3 bxc3 24. Bc2 Qb4 25. Bxe4 Bxe4 26. Rxc3 Rxc3
27. bxc3 Qb7 28. Re1 Rd8 29. h3 Bf5 30. c4 Bxh3 31. Kh2 Bf5 32. c5 Qc7 33. Qc4
Rd2 34. c6 f6 35. Nf3 Rc2 36. Qa4 Rxc6 37. Nd4 Qxf4+ 38. Kg1 Rd6 39. Qe8+ Kh7
40. Nxf5 Qxf5 41. Rf1 Qc5+ 42. Kh1 Rd5 43. g3 Rh5+ 44. Kg2 Qd5+ 45. Kf2 Rh2+
46. Ke3 Qd2+ 47. Ke4 Re2+ 48. Kf3 Qe3+ 49. Kg4 Qe4+ 50. Kh3 Qg2+ 51. Kg4 Re4+
0-1

[Event "I Open Odisseias"]
[Site "Lisboa POR"]
[Date "2015.08.13"]
[Round "1.3"]
[White "Rocha, Sérgio"]
[Black "Rocha, Manuel"]
[Result "1-0"]
[WhiteElo "2421"]
[BlackElo "1811"]
[WhiteFideId "1900404"]
[BlackFideId "1904930"]
[WhiteTitle "IM"]
[PlyCount "61"]
[EventDate "2015.??.??"]

1. e4 e6 2. d4 b6 3. Be3 Bb7 4. Nd2 Nf6 5. Bd3 Be7 6. c3 d6 7. f4 c5 8. Ngf3
cxd4 9. Nxd4 Nc6 10. O-O e5 11. Nf5 O-O 12. Qf3 exf4 13. Bxf4 Ne5 14. Qh3 Ng6
15. Bg5 d5 16. e5 Ne4 17. Bf6 Bxf6 18. exf6 Nxf6 19. Nf3 Bc8 20. N3d4 Be6 21.
Rae1 Re8 22. Bc2 Qd7 23. Qg3 Ne4 24. Bxe4 dxe4 25. h4 f6 26. h5 Ne5 27. Rxe4
Bd5 28. Ref4 Bc4 29. Rd1 Be2 30. Rd2 Bxh5 31. Ne6 1-0

[Event "I Open Odisseias"]
[Site "Lisboa POR"]
[Date "2015.08.13"]
[Round "1.5"]
[White "Ulyanovskyy, Viktor"]
[Black "Adão, David"]
[Result "1-0"]
[WhiteElo "2348"]
[BlackElo "1788"]
[WhiteFideId "14113350"]
[BlackFideId "10100474"]
[WhiteTitle "FM"]
[PlyCount "101"]
[EventDate "2015.??.??"]

1. e4 c6 2. d4 d5 3. Nc3 dxe4 4. Nxe4 Bf5 5. Ng3 Bg6 6. N1e2 Nd7 7. Nf4 Qa5+ 8.
Bd2 Qc7 9. Be2 e6 10. Bd3 Bxd3 11. Nxd3 Ngf6 12. Qf3 Bd6 13. O-O-O O-O-O 14.
Rhe1 Nb6 15. Bg5 Nbd5 16. Nh5 Nxh5 17. Bxd8 Qxd8 18. Qxh5 Qf6 19. c3 Nb6 20.
Re2 Rd8 21. Kc2 h6 22. Ne5 Rf8 23. Qf3 Qe7 24. Qe4 Nd5 25. f4 Qc7 26. g3 Qa5
27. Nc4 Qc7 28. Nxd6+ Qxd6 29. Qe5 Qd8 30. Qxg7 h5 31. f5 exf5 32. Rf1 f4 33.
Qe5 Qa5 34. Kb1 Qb6 35. Ka1 a5 36. gxf4 a4 37. Qf5+ Kb8 38. Qc2 h4 39. Qxa4 f5
40. Re5 Rg8 41. Qb3 Qa6 42. Rfe1 Rg2 43. Rxf5 Re2 44. Re5 Rxh2 45. Rxd5 cxd5
46. Qxd5 Qf6 47. Qe5+ Qxe5 48. fxe5 Rg2 49. a4 h3 50. e6 h2 51. e7 1-0

[Event "I Open Odisseias"]
[Site "Lisboa POR"]
[Date "2015.08.13"]
[Round "1.8"]
[White "Medeiros, José"]
[Black "Alexandre, Jorge Petrucci"]
[Result "0-1"]
[WhiteElo "1780"]
[BlackElo "2250"]
[WhiteFideId "1905961"]
[BlackFideId "1900439"]
[BlackTitle "NM"]
[PlyCount "63"]
[EventDate "2015.??.??"]

1. e4 c5 2. Nc3 Nc6 3. Bb5 d6 4. Bxc6+ bxc6 5. f4 Rb8 6. Nf3 g6 7. O-O Bg7 8.
d3 e6 9. Qe1 Ne7 10. Ne2 O-O 11. c3 Ba6 12. Qd1 Qa5 13. Ng3 f5 14. Re1 Rfe8 15.
e5 d5 16. Qc2 h6 17. b3 Nc8 18. Be3 Bf8 19. Nh4 Kf7 20. d4 Be7 21. Nhxf5 gxf5
22. Nxf5 Rh8 23. Nxe7 Nxe7 24. Bf2 Nf5 25. g4 Rbg8 26. h3 c4 27. Kh2 Ne7 28. f5
Bc8 29. Bh4 Ke8 30. Rf1 h5 31. Bf6 hxg4 32. Bxh8 0-1

[Event "I Open Odisseias"]
[Site "Lisboa POR"]
[Date "2015.08.13"]
[Round "1.9"]
[White "Foisor, Sabina-Francesca"]
[Black "Fidalgo, Daniel"]
[Result "1-0"]
[WhiteElo "2223"]
[BlackElo "1770"]
[WhiteFideId "1212915"]
[BlackFideId "1934279"]
[WhiteTitle "WGM"]
[PlyCount "59"]
[EventDate "2015.??.??"]

1. d4 d5 2. c4 c6 3. Nc3 Nf6 4. e3 e6 5. Nf3 Be7 6. Qc2 Nbd7 7. b3 h6 8. Be2
O-O 9. O-O Re8 10. Bb2 a6 11. Ne5 Nxe5 12. dxe5 Nd7 13. f4 Bc5 14. Rf3 f6 15.
Na4 Ba7 16. exf6 Nxf6 17. Qg6 d4 18. Rg3 Qe7 19. exd4 Kh8 20. Kh1 b5 21. Nc5
Bxc5 22. dxc5 Rf8 23. Bd3 Kg8 24. Qxh6 Ra7 25. Qg6 Qf7 26. Qg5 Ne8 27. Rf1 Qe7
28. Qh5 Nf6 29. Bxf6 Rxf6 30. Qh7+ 1-0

[Event "I Open Odisseias"]
[Site "Lisboa POR"]
[Date "2015.08.13"]
[Round "1.10"]
[White "Alves, Luís"]
[Black "Santos, António P"]
[Result "0-1"]
[WhiteElo "1756"]
[BlackElo "2211"]
[WhiteFideId "1903110"]
[BlackFideId "1900161"]
[BlackTitle "FM"]
[PlyCount "80"]
[EventDate "2015.??.??"]

1. c4 Nf6 2. Nf3 b6 3. g3 Bb7 4. Bg2 c5 5. O-O e6 6. d3 Be7 7. Nc3 O-O 8. a3 d5
9. cxd5 exd5 10. Bf4 d4 11. Na2 Nbd7 12. b4 Nd5 13. Bd2 Bf6 14. Rc1 Rc8 15.
bxc5 Nxc5 16. Nb4 Nc3 17. Bxc3 dxc3 18. Nc2 Re8 19. d4 Nb3 20. Rb1 Bxf3 21.
Bxf3 Nxd4 22. Nxd4 Qxd4 23. Rc1 Qc5 24. a4 g6 25. Bb7 Rc7 26. Ba6 c2 27. Qd3
Bg5 28. e3 Rd8 29. Qb5 Qxb5 30. Bxb5 Bf6 31. a5 Bb2 32. axb6 axb6 33. Be2 Bxc1
34. Rxc1 Rd2 35. Bf3 Rcd7 36. Kg2 b5 37. Bc6 Rc7 38. Bf3 b4 39. Kf1 b3 40. Ke1
Rd8 0-1

[Event "I Open Odisseias"]
[Site "Lisboa POR"]
[Date "2015.08.13"]
[Round "1.11"]
[White "Guerra, Vítor"]
[Black "Martins, Diogo"]
[Result "1-0"]
[WhiteElo "2208"]
[BlackElo "1700"]
[WhiteFideId "1901095"]
[BlackFideId "1926934"]
[WhiteTitle "NM"]
[PlyCount "103"]
[EventDate "2015.??.??"]

1. d4 Nf6 2. c4 c5 3. d5 e6 4. Nc3 exd5 5. cxd5 d6 6. e4 g6 7. Bd3 Bg7 8. h3
O-O 9. Nf3 b5 10. O-O b4 11. Ne2 Re8 12. Bg5 Qc7 13. Nd2 a5 14. Rc1 Ba6 15. Qc2
Bxd3 16. Qxd3 Nbd7 17. f4 Nb6 18. Bh4 Rac8 19. b3 a4 20. Nd4 axb3 21. axb3 Qd7
22. Nc6 Ra8 23. Rfe1 Ra2 24. Re2 Rea8 25. Nc4 Nxc4 26. Qxc4 Rxe2 27. Qxe2 Re8
28. Bxf6 Bxf6 29. Rc2 Ra8 30. e5 dxe5 31. fxe5 Qxd5 32. exf6 Qxc6 33. Qe7 Rc8
34. Rd2 Qe8 35. Qd6 c4 36. bxc4 b3 37. c5 Rb8 38. Qe7 b2 39. Rxb2 Qxe7 40.
Rxb8+ Qf8 41. Rxf8+ Kxf8 42. Kf2 Ke8 43. Ke3 Kd7 44. Kd4 Ke6 45. Kc4 Kd7 46.
Kd5 h6 47. c6+ Kc7 48. Kc5 g5 49. g4 Kd8 50. Kd6 Kc8 51. Ke7 Kc7 52. Kxf7 1-0

[Event "I Open Odisseias"]
[Site "Lisboa POR"]
[Date "2015.08.13"]
[Round "1.12"]
[White "Martins, Bruno"]
[Black "Ferents, Andrey"]
[Result "1/2-1/2"]
[WhiteElo "1689"]
[BlackElo "2201"]
[WhiteFideId "1942255"]
[BlackFideId "14114941"]
[BlackTitle "NM"]
[PlyCount "130"]
[EventDate "2015.??.??"]

1. e4 c5 2. Nf3 e6 3. d4 cxd4 4. Nxd4 a6 5. Be3 Nf6 6. Nc3 Qc7 7. Bd3 Ba3 8.
Qc1 Qxc3+ 9. bxc3 Bxc1 10. Rxc1 d6 11. O-O Nbd7 12. c4 O-O 13. f3 Nc5 14. Nb3
Nfd7 15. Nxc5 Nxc5 16. Bxc5 dxc5 17. Rb1 Rd8 18. Rfd1 e5 19. Be2 Rxd1+ 20. Bxd1
Kf8 21. Be2 Ke7 22. a4 Kd7 23. a5 Kc7 24. Kf2 Bd7 25. Rd1 Bc6 26. Rb1 Rd8 27.
Bd3 g6 28. Ke3 Rd4 29. g4 Rd6 30. Rb6 g5 31. Kf2 f6 32. Ke3 Be8 33. Rxd6 Kxd6
34. Kd2 Ba4 35. Kc3 b5 36. axb6 Kc6 37. Kb2 Kxb6 38. Ka3 Ka5 39. h3 h6 40. Ka2
Kb4 41. Kb2 Be8 42. c3+ Ka4 43. Bc2+ Ka5 44. Ka3 h5 45. Bd1 h4 46. Bc2 Bd7 47.
Bb3 Kb6 48. Bc2 Kc7 49. Ba4 Be6 50. Bb3 Kd6 51. Ka4 Kc6 52. Ka5 Kb7 53. Ba2 Bd7
54. Bb3 Be8 55. Bd1 Bf7 56. Be2 Be6 57. Bd3 Bd7 58. Be2 Bc8 59. Bd3 Kc6 60. Be2
Bb7 61. Bd3 Bc8 62. Be2 Kc7 63. Bd3 Kc6 64. Be2 Kc7 65. Bd3 Kc6 1/2-1/2

[Event "I Open Odisseias"]
[Site "Lisboa POR"]
[Date "2015.08.12"]
[Round "2.1"]
[White "Ferreira, Hugo"]
[Black "Martinez, Lelys"]
[Result "0-1"]
[WhiteElo "1965"]
[BlackElo "2541"]
[WhiteFideId "1915940"]
[BlackFideId "3504727"]
[BlackTitle "GM"]
[PlyCount "94"]
[EventDate "2015.??.??"]

1. e4 e5 2. Nf3 Nc6 3. Bb5 a6 4. Ba4 d6 5. O-O Bd7 6. c3 g6 7. d4 Bg7 8. Bg5
Nge7 9. Re1 h6 10. Be3 O-O 11. Bc2 Qe8 12. Nbd2 Rd8 13. Qc1 g5 14. dxe5 dxe5
15. Nf1 Ng6 16. Ng3 Kh7 17. Nf5 Nce7 18. Nd2 Bf6 19. Nf1 Nxf5 20. exf5 Nf4 21.
Be4 Bc6 22. Qc2 Bxe4 23. Qxe4 Qb5 24. Rab1 Qd3 25. Ng3 Rd5 26. Qxd3 Rxd3 27.
Ne4 Be7 28. g3 Nd5 29. Red1 Rxd1+ 30. Rxd1 Rd8 31. c4 Nf6 32. Rxd8 Bxd8 33. Nc5
b5 34. b3 bxc4 35. bxc4 a5 36. Nb7 Be7 37. Nxa5 Ne4 38. Nc6 Ba3 39. Nxe5 Nd6
40. g4 f6 41. Nd7 Bb2 42. c5 Ne4 43. a4 Bc3 44. Kf1 Kg7 45. Ke2 Ba5 46. Kd3 Nc3
47. Bd2 c6 0-1

[Event "I Open Odisseias"]
[Site "Lisboa POR"]
[Date "2015.08.12"]
[Round "2.2"]
[White "Moradiabadi, Elshan"]
[Black "Pintor, Simão"]
[Result "1-0"]
[WhiteElo "2521"]
[BlackElo "1985"]
[WhiteFideId "12501255"]
[BlackFideId "1904787"]
[WhiteTitle "GM"]
[PlyCount "73"]
[EventDate "2015.??.??"]

1. d4 Nf6 2. Nf3 g6 3. c4 Bg7 4. g3 O-O 5. Bg2 d6 6. O-O c5 7. Nc3 Nc6 8. d5
Na5 9. Nd2 Rb8 10. Qc2 a6 11. b3 b5 12. Rb1 e5 13. Bb2 Nh5 14. Ba1 f5 15. cxb5
axb5 16. b4 cxb4 17. Rxb4 e4 18. Rxb5 Ba6 19. Rxb8 Qxb8 20. Qa4 Qc7 21. Rc1 Qc5
22. e3 Bd3 23. Bb2 Qb6 24. Ba1 f4 25. gxf4 Nxf4 26. exf4 e3 27. Nde4 Bd4 28.
Qd7 exf2+ 29. Kh1 Rxf4 30. Ng5 f1=Q+ 31. Bxf1 Bxf1 32. Qxh7+ Kf8 33. Ne6+ Ke8
34. Nxf4 Be5 35. Qg8+ Kd7 36. Qf7+ Kc8 37. Na4+ 1-0

[Event "I Open Odisseias"]
[Site "Lisboa POR"]
[Date "2015.08.12"]
[Round "2.3"]
[White "Prata, José"]
[Black "Rocha, Sérgio"]
[Result "0-1"]
[WhiteElo "1947"]
[BlackElo "2421"]
[WhiteFideId "1901303"]
[BlackFideId "1900404"]
[BlackTitle "IM"]
[PlyCount "58"]
[EventDate "2015.??.??"]

1. e4 c5 2. Nf3 Nc6 3. d4 cxd4 4. Nxd4 Qb6 5. Nb3 e6 6. Be3 Qc7 7. g3 Nf6 8.
Bg2 d6 9. O-O Be7 10. Nc3 a6 11. h3 b5 12. a3 Bb7 13. Qd2 O-O 14. Rad1 Ne5 15.
Qe2 Nc4 16. Bc1 Rfe8 17. f4 Rab8 18. Kh2 Bf8 19. Nd4 Nxa3 20. Ncxb5 Nxb5 21.
Nxb5 axb5 22. c3 d5 23. e5 Ne4 24. Qxb5 Bc6 25. Qe2 Bb5 26. Qc2 Bxf1 27. Bxe4
dxe4 28. Rxf1 Red8 29. Qxe4 Qb7 0-1

[Event "I Open Odisseias"]
[Site "Lisboa POR"]
[Date "2015.08.12"]
[Round "2.4"]
[White "Dâmaso, Rui"]
[Black "Morais, Vítor"]
[Result "1-0"]
[WhiteElo "2396"]
[BlackElo "1969"]
[WhiteFideId "1900030"]
[BlackFideId "1900552"]
[WhiteTitle "IM"]
[BlackTitle "NM"]
[PlyCount "101"]
[EventDate "2015.??.??"]

1. e4 c5 2. Nf3 Nc6 3. Nc3 g6 4. d4 cxd4 5. Nxd4 Bg7 6. Nb3 Nf6 7. Bc4 O-O 8.
O-O d6 9. Re1 Na5 10. Bf1 Nxb3 11. axb3 Qc7 12. Bf4 Be6 13. e5 dxe5 14. Bxe5
Qd7 15. Qf3 a6 16. Na4 Qd5 17. Qxd5 Nxd5 18. Nc5 Bc8 19. Bxg7 Kxg7 20. c4 Nc7
21. Rxe7 Ne6 22. Nxe6+ Bxe6 23. Rxb7 Rab8 24. Rxb8 Rxb8 25. Ra3 Rb6 26. Be2 Bc8
27. Kf1 Kf6 28. c5 Rc6 29. b4 h5 30. Bf3 Rc7 31. Ke1 Ke5 32. Kd2 Kd4 33. Be2
Rc6 34. Rd3+ Ke5 35. g3 f5 36. f4+ Ke6 37. Bf3 Rc7 38. Rd6+ Kf7 39. Kc3 Kg7 40.
Rc6 Rxc6 41. Bxc6 Kf6 42. Kd4 Ke6 43. Bd5+ Kf6 44. c6 g5 45. Kc5 gxf4 46. gxf4
Ke7 47. Kb6 Kd6 48. Bc4 h4 49. Bxa6 Bxa6 50. Kxa6 Kxc6 51. b5+ 1-0

[Event "I Open Odisseias"]
[Site "Lisboa POR"]
[Date "2015.08.12"]
[Round "2.5"]
[White "Ferreira, Carlos André"]
[Black "Ulyanovskyy, Viktor"]
[Result "0-1"]
[WhiteElo "1928"]
[BlackElo "2348"]
[WhiteFideId "1904000"]
[BlackFideId "14113350"]
[BlackTitle "FM"]
[PlyCount "90"]
[EventDate "2015.??.??"]

1. e4 Nf6 2. e5 Nd5 3. Nc3 Nb6 4. f4 d6 5. exd6 exd6 6. Nf3 Be7 7. d3 O-O 8.
Be3 Re8 9. Qd2 Bf6 10. O-O-O Bxc3 11. bxc3 Nd5 12. Bf2 Qf6 13. d4 Qxf4 14. Bc4
Qxd2+ 15. Kxd2 Nb6 16. Bb3 Be6 17. Bg3 Nc6 18. Rdf1 Nc4+ 19. Kc1 Bd5 20. Bf4
N6a5 21. Rhg1 Re2 22. Nd2 Nxb3+ 23. axb3 Nxd2 24. Bxd2 Rae8 25. Re1 Rxe1+ 26.
Rxe1 Rxe1+ 27. Bxe1 Bxg2 28. Kd2 f6 29. Ke3 Kf7 30. c4 Ke6 31. c3 g5 32. h4 a5
33. hxg5 fxg5 34. Bg3 b6 35. c5 b5 36. c4 bxc4 37. bxc4 a4 38. d5+ Ke7 39.
cxd6+ cxd6 40. Kd3 h5 41. Kc3 h4 42. Bf2 Kd7 43. Kb4 Bf1 44. c5 dxc5+ 45. Bxc5
g4 0-1

[Event "I Open Odisseias"]
[Site "Lisboa POR"]
[Date "2015.08.13"]
[Round "2.6"]
[White "Silva, Luís M"]
[Black "Fidalgo, André"]
[Result "1-0"]
[WhiteElo "2320"]
[BlackElo "1956"]
[WhiteFideId "1919121"]
[BlackFideId "1933620"]
[WhiteTitle "FM"]
[PlyCount "88"]
[EventDate "2015.??.??"]


1. d4 Nf6 2. c4 c5 3. d5 b5 4. cxb5 a6 5. f3 g6 6. e4 d6 7. Nc3 Bg7 8. a4 O-O
9. bxa6 Bxa6 10. Be2 Nbd7 11. Nh3 Qa5 12. O-O Rfb8 13. Ra2 Ne5 14. Bd2 Qb6 15.
Nf2 Bc4 16. Bxc4 Nxc4 17. Nb5 Nd7 18. b3 Nxd2 19. Qxd2 Qa5 20. Qxa5 Rxa5 21.
Rc2 Nb6 22. Na3 Bd4 23. Rb1 Nd7 24. Kf1 Ne5 25. Nb5 Be3 26. Ke2 Bh6 27. Nd3
Nxd3 28. Kxd3 Bg7 29. f4 h5 30. g3 Bf6 31. h3 Raa8 32. g4 hxg4 33. hxg4 Bh4 34.
g5 f6 35. gxf6 Bxf6 36. Rg1 Kf7 37. Rcg2 Rg8 38. Rf1 Rh8 39. e5 Rh3+ 40. Kc4
Bg7 41. Rfg1 Rf3 42. e6+ Kf8 43. Rxg6 Rxf4+ 44. Kd3 c4+ 1-0

[Event "I Open Odisseias"]
[Site "Lisboa POR"]
[Date "2015.08.12"]
[Round "2.7"]
[White "Alexandre, Jorge Petrucci"]
[Black "Simões, John"]
[Result "1-0"]
[WhiteElo "2250"]
[BlackElo "1929"]
[WhiteFideId "1900439"]
[BlackFideId "3901157"]
[WhiteTitle "NM"]
[PlyCount "99"]
[EventDate "2015.??.??"]

1. f4 d5 2. Nf3 e6 3. e3 Nf6 4. b3 Be7 5. Bb2 O-O 6. Be2 c5 7. O-O Nc6 8. Ne5
Bd7 9. d3 a6 10. Nd2 Ne8 11. Ndf3 f6 12. Nxd7 Qxd7 13. e4 d4 14. a4 Nc7 15. a5
e5 16. Bc1 Bd6 17. f5 Nb5 18. Nd2 Nc3 19. Qe1 Bc7 20. Nc4 Na7 21. Bd2 Nab5 22.
g4 Nxe2+ 23. Qxe2 Nd6 24. g5 fxg5 25. Bxg5 Nxc4 26. bxc4 Bd8 27. Bd2 b5 28.
axb6 Bxb6 29. Rfb1 Bd8 30. Qe1 Qf7 31. Kh1 Qh5 32. Qd1 Qh3 33. Rb7 Rf7 34. Rxf7
Kxf7 35. Ba5 Bg5 36. Qf1 Qxf1+ 37. Rxf1 Rb8 38. Bc7 Rb2 39. Bxe5 Rxc2 40. Ra1
Bf6 41. Bd6 Rc3 42. Rxa6 Rxd3 43. e5 Bd8 44. Ra7+ Ke8 45. Bxc5 Rd1+ 46. Kg2 d3
47. e6 Re1 48. Rxg7 Re2+ 49. Kf3 Be7 50. Rg8+ 1-0

[Event "I Open Odisseias"]
[Site "Lisboa POR"]
[Date "2015.08.12"]
[Round "2.8"]
[White "Meira, João Pedro"]
[Black "Foisor, Sabina-Francesca"]
[Result "0-1"]
[WhiteElo "1909"]
[BlackElo "2223"]
[WhiteFideId "1911171"]
[BlackFideId "1212915"]
[BlackTitle "WGM"]
[PlyCount "40"]
[EventDate "2015.??.??"]

1. e4 e5 2. Nf3 Nc6 3. d4 exd4 4. Nxd4 Bc5 5. Nb3 Bb6 6. c4 d6 7. Nc3 h6 8. Bd3
Nf6 9. O-O Bg4 10. Qd2 O-O 11. Nd5 Ne5 12. Nxb6 axb6 13. f4 Nxd3 14. Qxd3 Re8
15. Re1 Bf5 16. Nd2 Qe7 17. Qf3 Nxe4 18. g4 Qh4 19. Rxe4 Bxe4 20. Nxe4 Qe1+ 0-1

[Event "I Open Odisseias"]
[Site "Lisboa POR"]
[Date "2015.08.12"]
[Round "2.9"]
[White "Santos, António P"]
[Black "Santos, Júlio"]
[Result "1-0"]
[WhiteElo "2211"]
[BlackElo "1923"]
[WhiteFideId "1900161"]
[BlackFideId "1900650"]
[WhiteTitle "FM"]
[BlackTitle "NM"]
[PlyCount "69"]
[EventDate "2015.??.??"]

1. d4 d5 2. c4 c6 3. Nf3 Nf6 4. Nc3 e6 5. Bg5 Be7 6. e3 O-O 7. Rc1 Nbd7 8. a3
a6 9. Bd3 dxc4 10. Bxc4 b5 11. Ba2 Bb7 12. O-O Rc8 13. Qe2 c5 14. Rfd1 c4 15.
e4 Nb6 16. Bb1 Qc7 17. e5 Ne8 18. Ne4 Bxe4 19. Qxe4 g6 20. Qh4 Bxg5 21. Nxg5 h5
22. g4 Ng7 23. Ne4 Nd7 24. Nf6+ Nxf6 25. exf6 Ne8 26. gxh5 Qd8 27. hxg6 fxg6
28. Bxg6 Nxf6 29. Rc3 Rc7 30. Rg3 Rg7 31. Qh6 Qe7 32. Re1 Ne8 33. Bh7+ Kh8 34.
Bf5+ Kg8 35. Bxe6+ 1-0

[Event "I Open Odisseias"]
[Site "Lisboa POR"]
[Date "2015.08.12"]
[Round "2.10"]
[White "Roxo, Agostinho"]
[Black "Guerra, Vítor"]
[Result "0-1"]
[WhiteElo "1895"]
[BlackElo "2208"]
[WhiteFideId "1902890"]
[BlackFideId "1901095"]
[BlackTitle "NM"]
[PlyCount "88"]
[EventDate "2015.??.??"]

1. c4 e6 2. d4 Nf6 3. Nc3 Bb4 4. Bd2 O-O 5. e3 d5 6. c5 b6 7. cxb6 axb6 8. Bd3
c5 9. a3 Bxc3 10. Bxc3 Nc6 11. Nf3 h6 12. O-O Bd7 13. h3 Qc7 14. Bb5 Na5 15.
Bd3 Nc6 16. Bb5 Ne4 17. Be1 Na5 18. Bd3 f5 19. Ne5 Nd6 20. b4 Nab7 21. dxc5
bxc5 22. bxc5 Nxc5 23. Bb4 Ba4 24. Qc1 Ndb7 25. Qb2 Rfc8 26. Rac1 Qb6 27. Be2
Rc7 28. g4 fxg4 29. Bxg4 Rac8 30. Be2 Ne4 31. Rxc7 Qxc7 32. Nf3 Qf7 33. Rc1
Rxc1+ 34. Qxc1 Nbd6 35. Be1 Qg6+ 36. Kh2 Qf6 37. Qc7 Bb3 38. Bb4 Bc4 39. Bxd6
Bxe2 40. Bf4 Bxf3 41. Be5 Qg6 42. Qc8+ Kh7 43. Bg3 Nxg3 44. fxg3 Qb1 0-1

[Event "I Open Odisseias"]
[Site "Lisboa POR"]
[Date "2015.08.12"]
[Round "2.11"]
[White "Coelho, Pedro"]
[Black "Santos, José Alves"]
[Result "0-1"]
[WhiteElo "1885"]
[BlackElo "2182"]
[WhiteFideId "1905694"]
[BlackFideId "1900366"]
[BlackTitle "NM"]
[PlyCount "86"]
[EventDate "2015.??.??"]

1. Nf3 d5 2. b3 e6 3. Bb2 c6 4. g3 f5 5. Bg2 Nf6 6. d3 Be7 7. Nbd2 O-O 8. O-O
Bd7 9. c4 Be8 10. Qc2 Nbd7 11. Nd4 Bf7 12. N4f3 Rc8 13. Ng5 e5 14. Nxf7 Rxf7
15. Nf3 Bd6 16. Ng5 Re7 17. a4 h6 18. Nf3 Qe8 19. Rfe1 g5 20. Qd2 Qg6 21. h4 g4
22. Nh2 Rf8 23. Ba3 Bxa3 24. Rxa3 Nc5 25. Qb4 b6 26. a5 Rb7 27. axb6 axb6 28.
Rea1 Qf7 29. Ra8 Qe7 30. e3 Nxd3 31. Qxe7 Rxe7 32. Rxf8+ Kxf8 33. Ra8+ Re8 34.
Ra7 Rb8 35. Nf1 Nc5 36. Nd2 e4 37. Rc7 dxc4 38. bxc4 Ncd7 39. Rxc6 Ke7 40. Rc7
Ra8 41. Nb3 Kd6 42. Rb7 Kc6 43. Na5+ Rxa5 0-1

[Event "I Open Odisseias"]
[Site "Lisboa POR"]
[Date "2015.08.12"]
[Round "2.12"]
[White "Ramos, Nuno"]
[Black "Viela, André"]
[Result "0-1"]
[WhiteElo "1864"]
[BlackElo "2130"]
[WhiteFideId "1903268"]
[BlackFideId "1903748"]
[BlackTitle "NM"]
[PlyCount "86"]
[EventDate "2015.??.??"]

1. d4 d5 2. c4 e6 3. Nc3 c6 4. Nf3 dxc4 5. a4 Bb4 6. e4 Nf6 7. Qc2 b5 8. axb5
cxb5 9. Bg5 h6 10. Bh4 g5 11. Bg3 Bb7 12. e5 Nd5 13. Be2 a6 14. O-O Nxc3 15.
bxc3 Be7 16. Nd2 Nd7 17. Bf3 Bxf3 18. Nxf3 O-O 19. Qe4 Kg7 20. h4 Rh8 21. h5
Nb6 22. Nh2 Qd5 23. Qc2 f5 24. f4 g4 25. Nxg4 Rhg8 26. Ne3 Qc6 27. d5 Nxd5 28.
Nxd5 Qxd5 29. Rad1 Qc6 30. Qe2 Kf7 31. Kh2 Rad8 32. Rxd8 Rxd8 33. Rd1 Rxd1 34.
Qxd1 a5 35. Qe1 b4 36. cxb4 axb4 37. Bh4 c3 38. Bxe7 Kxe7 39. Qh4+ Kd7 40. Qf6
Qc5 41. Qxh6 c2 42. Qg7+ Qe7 43. h6 c1=Q 0-1

[Event "I Open Odisseias"]
[Site "Lisboa POR"]
[Date "2015.08.12"]
[Round "3.2"]
[White "Viela, André"]
[Black "Moradiabadi, Elshan"]
[Result "0-1"]
[WhiteElo "2130"]
[BlackElo "2521"]
[WhiteFideId "1903748"]
[BlackFideId "12501255"]
[WhiteTitle "NM"]
[BlackTitle "GM"]
[PlyCount "86"]
[EventDate "2015.??.??"]

1. c4 e6 2. Nc3 d5 3. d4 Nf6 4. Nf3 Nbd7 5. Bg5 Be7 6. e3 O-O 7. Bd3 h6 8. Bh4
dxc4 9. Bxc4 a6 10. a3 c5 11. O-O b5 12. Bd3 Bb7 13. Bg3 Rc8 14. Rc1 Qb6 15.
Ne5 Rfd8 16. Ne2 Nxe5 17. Bxe5 Nd7 18. Bg3 Bf6 19. Bb1 Nf8 20. dxc5 Rxc5 21.
Qb3 Bd5 22. Qb4 Bc4 23. Rc2 a5 24. Qe1 Rcd5 25. b3 Bxb3 26. Bc7 Qb7 27. Bxd8
Bxc2 28. Bxf6 Bxb1 29. Nc3 Bd3 30. Nxd5 Qxd5 31. Bc3 Bxf1 32. Qxf1 a4 33. Bb4
Nd7 34. Qc1 Ne5 35. h3 Nc4 36. Qc3 e5 37. Qc2 e4 38. Qe2 Ne5 39. Qc2 Qc4 40.
Qd1 Nd3 41. Qg4 Nxb4 42. axb4 a3 43. Qd7 a2 0-1

[Event "I Open Odisseias"]
[Site "Lisboa POR"]
[Date "2015.08.12"]
[Round "3.3"]
[White "Rocha, Sérgio"]
[Black "Ferreira, Luís Pedro"]
[Result "1-0"]
[WhiteElo "2421"]
[BlackElo "2126"]
[WhiteFideId "1900404"]
[BlackFideId "1925393"]
[WhiteTitle "IM"]
[PlyCount "193"]
[EventDate "2015.??.??"]

1. Nf3 d5 2. d4 Nf6 3. c4 c6 4. Nc3 e6 5. Bg5 Nbd7 6. e3 Be7 7. Qc2 O-O 8. Rd1
h6 9. Bh4 Re8 10. h3 Qa5 11. a3 Bf8 12. Bd3 dxc4 13. Bxc4 Nd5 14. O-O Nxc3 15.
bxc3 Qxa3 16. e4 Nb6 17. Bb3 Qd6 18. e5 Qd7 19. Nd2 a5 20. Ra1 Nd5 21. Ne4 b5
22. Ba2 b4 23. c4 Ne7 24. Bxe7 Bxe7 25. Rfd1 Qc7 26. Bb1 g6 27. c5 Ba6 28. Qd2
Kg7 29. Bc2 Bc4 30. Qf4 Bd5 31. Nf6 Reb8 32. Ba4 Qd8 33. Nxd5 Qxd5 34. Qf3 Qxf3
35. gxf3 Ra6 36. f4 Rd8 37. Kg2 Kf8 38. Kf3 Ke8 39. Ke4 Kd7 40. Rab1 Kc7 41.
Rb3 Raa8 42. Rbd3 Kb7 43. Ra1 Rd7 44. Bb3 Bd8 45. Ba4 Bc7 46. Rb1 Rg8 47. Rg1
Rdd8 48. Rgg3 Rdf8 49. Bb3 Ka6 50. Ba4 Kb7 51. Rg1 Rd8 52. Ke3 h5 53. Rg3 Rge8
54. Rg1 Re7 55. Ra1 Red7 56. Ke4 Rd5 57. Bb3 R5d7 58. Ke3 Ra8 59. Ba4 Rad8 60.
Rg1 Re8 61. f5 exf5 62. f4 Rde7 63. Rdd1 Rd8 64. Kd3 Red7 65. Kc4 Re7 66. Rd3
Red7 67. Rgd1 Rd5 68. Rf3 Re8 69. Re3 Re6 70. Kd3 Re7 71. Bb3 Rd8 72. Kc4 Rd5
73. Rd2 Re8 74. Rd1 Re7 75. Re2 Ka6 76. Rde1 Red7 77. Rd1 Re7 78. Ra2 g5 79.
fxg5 Red7 80. Re2 f4 81. e6 fxe6 82. Rxe6 Rxg5 83. Rxc6+ Kb7 84. Rf6 Rdg7 85.
d5 Rg3 86. Ba4 Be5 87. Rf5 Re3 88. Kb5 b3 89. d6 b2 90. c6+ Ka7 91. d7 Rd3 92.
Rb1 Rd5+ 93. Kc4 Rd4+ 94. Kc5 Rd2 95. Rxe5 f3 96. c7 Rdxd7 97. Bxd7 1-0